Género e identidad de género : regulación y perspectivas /

Guardado en:
Otros Autores: Arrubia, Eduardo J.
Formato: Libro
Idioma:Spanish
Publicado: Ciudad Autónoma de Buenos Aires : La Ley, 2018.
Edición:1a. ed.
Materias:
Etiquetas: Agregar Etiqueta
Sin Etiquetas, Sea el primero en etiquetar este registro!
LEADER 00651nam a22001815a 4500
001 DER.der013827
008 190425s2018####ag############000#0#spa#d
005 20250520161221.0
245 1 0 |a Género e identidad de género :  |b regulación y perspectivas /  |c Eduardo J. Arrubia … [et al.]. dirigido por Laura M. Giosa y Guillermina Zabalza. 
250 |a 1a. ed. 
260 |a Ciudad Autónoma de Buenos Aires :  |b La Ley,  |c 2018. 
300 |a 227 p. 
020 |a 9789870336570 
700 1 |a Arrubia, Eduardo J. 
700 1 |a Giosa, Laura M.,  |e dir. 
700 1 |a Buis, Emiliano J.,  |e dir. 
650 7 |a IDENTIDAD DE GENERO 
859 |a DERECHO  |b BIB. DERECHO  |h 305.4  |i GEN  |p 004283